Geopolitical Relation of The Princely State Manipur With Neighbouring Regions/ (Record no. 215119)

MARC details
000 -LEADER
fixed length control field 00599nam a22001817a 4500
005 - DATE AND TIME OF LATEST TRANSACTION
control field 20260303124119.0
010 ## - LCCN (DPL NO)
LC control number BACEN26
020 ## - INTERNATIONAL STANDARD BOOK NUMBER
International Standard Book Number 9789367197295
Terms of availability 265.00
037 ## - SOURCE OF ACQUISITION
Source of stock number/acquisition SPPL
082 ## - DEWEY DECIMAL CLASSIFICATION NUMBER
Classification number 954.174
100 ## - MAIN ENTRY--PERSONAL NAME
Personal name Rajkumar Ranjan Singh
245 ## - TITLE STATEMENT
Title Geopolitical Relation of The Princely State Manipur With Neighbouring Regions/
Statement of responsibility, etc by Rajkumar Ranjan Singh
250 ## - EDITION STATEMENT
Edition statement 1
260 ## - PUBLICATION, DISTRIBUTION, ETC. (IMPRINT)
Place of publication, distribution, etc New Delhi
Name of publisher, distributor, etc National Book Trust, India
Date of publication, distribution, etc 2025
270 ## - ADDRESS
Address 5 Institutional area, Vasant Kunj
City New Delhi
Postal code 110070
300 ## - PHYSICAL DESCRIPTION
Extent 137p.
Dimensions 22cm(Pb)
942 ## - ADDED ENTRY ELEMENTS (KOHA)
Source of classification or shelving scheme Dewey Decimal Classification
Item type English Books
Classification part 954.174
Call number suffix RAJ

No items available.


© Delhi Public Library
Hit Counter
free hit counter